ឧស្សាហកម្មកាត់ដេរ / (Record no. 1494)

MARC details
000 -LEADER
fixed length control field 01538nam a22002777a 4500
005 - DATE AND TIME OF LATEST TRANSACTION
control field 20231002115502.0
020 ## - INTERNATIONAL STANDARD BOOK NUMBER
International Standard Book Number 9789924340928
040 ## - CATALOGING SOURCE
Original cataloging agency FISKH
Language of cataloging eng
Transcribing agency FISKH
Modifying agency FISKH
082 ## - DEWEY DECIMAL CLASSIFICATION NUMBER
Classification number 646.4
100 ## - MAIN ENTRY--PERSONAL NAME
Personal name Anais, Pages-Peeters
245 ## - TITLE STATEMENT
Title ឧស្សាហកម្មកាត់ដេរ /
250 ## - EDITION STATEMENT
Edition statement បោះពុម្ពលើកទី ២ មេសា ឆ្នាំ ២០២២
260 ## - PUBLICATION, DISTRIBUTION, ETC.
Place of publication, distribution, etc. Phnom Penh :
Name of publisher, distributor, etc. Sipar,
Date of publication, distribution, etc. 2022.
300 ## - PHYSICAL DESCRIPTION
Extent 35 pages :
Other physical details color illustrations ;
Dimensions 25 cm
490 ## - SERIES STATEMENT
Series statement តម្រង់ទិសវិជ្ជាជីវៈ
505 ## - FORMATTED CONTENTS NOTE
Formatted contents note Z' <br/>
520 ## - SUMMARY, ETC.
Summary, etc. បង្ហាញពីការងារសំខាន់ៗដែលមាននៅក្នុងរោងចក្រកាត់ដេរ ហើយដែលបច្ចុប្បន្នយើងនៅខ្វះ និងពិបាករកបុគ្គលិកនៅក្នុងស្រុកយើងផ្ទាល់ដើម្បីរ៉ាប់រងតួនាទីសំខាន់ៗទាំងអស់នោះ។
520 ## - SUMMARY, ETC.
Summary, etc. Shows the important work that exists in the garment factory, which we currently lack and find it difficult to find staff in our own district to handle all those important roles.
521 ## - TARGET AUDIENCE NOTE
Target audience note 1120<br/>
Source Lexile estimate<br/>
521 ## - TARGET AUDIENCE NOTE
Target audience note Z'<br/>
Source Raz-Plus<br/>
650 ## - SUBJECT ADDED ENTRY--TOPICAL TERM
Topical term or geographic name entry element រោងចក្រ
Form subdivision កាត់ដេរ
General subdivision ខ្វះ
650 ## - SUBJECT ADDED ENTRY--TOPICAL TERM
Topical term or geographic name entry element Garment
Form subdivision Tailor
General subdivision Lack
700 ## - ADDED ENTRY--PERSONAL NAME
Personal name Visoth, Seng
Titles and other words associated with a name illustrator
942 ## - ADDED ENTRY ELEMENTS (KOHA)
Source of classification or shelving scheme Dewey Decimal Classification
Koha item type Books
Suppress in OPAC No
999 ## -
-- 1494
-- 1494
Holdings
Withdrawn status Lost status Source of classification or shelving scheme Damaged status Not for loan Collection Home library Current library Shelving location Date acquired Total Checkouts Full call number Barcode Date last seen Copy number Price effective from Koha item type
    Dewey Decimal Classification     Khmer Non-Fiction / សៀវភៅខ្មែរ រឿងពិត Footprints International School Library Network Toul Kork Campus Footprints International School Library Network Toul Kork Campus   08/28/2023   PAG 646.4 2023-0399 08/28/2023 1 08/28/2023 Books
    Dewey Decimal Classification     Khmer Non-Fiction / សៀវភៅខ្មែរ រឿងពិត Footprints International School Library Network Toul Kork Campus Footprints International School Library Network Toul Kork Campus   08/28/2023   PAG 646.4 2023-0400 08/28/2023 2 08/28/2023 Books